Follow That Line: Halloween Movies Quiz Stats

 Plays Quiz not verified by Sporcle

Score 0/11 Timer 02:00
1 Play Today
% Correct
but, everything's been getting worse, every second.
85.5%
I haven't said it.
84.8%
This isn't a man.
82.2%
Not at this price.
80.2%
But only if they came back from the dead.
77.2%
Well, yeah... did you go run and get the camera first?
76.1%
Tell me about it.
75.8%
What do you think you're doing?
69.4%
The boogeyman is real and you've found him.
65.4%
It doesn't want people.
64.2%
What's that, some new health food bunch?
63.5%

You're not logged in!

Compare scores with friends on all Sporcle quizzes.
OR
Log In

You Might Also Like...

Show Comments

Extras

Top Quizzes Today


Score Distribution

Your Account Isn't Verified!

In order to create a playlist on Sporcle, you need to verify the email address you used during registration. Go to your Sporcle Settings to finish the process.

Report this User

Report this user for behavior that violates our Community Guidelines.

Details: